000 00771nam a2200265 a 4500
001 ASIN0816048495
005 20170105102911.0
008 131029s2005 xxu eng d
020 _a9788130915388
_c$24.95
020 _a9780816048496 (paperback)
040 _a0
050 0 4 _aHV6441
082 0 4 _a364.10603
100 1 _aDevito, Carlo.
245 1 4 _aThe encyclopedia of international organized crime /
_cCarlo Devito.
250 _aFirst Edition.
260 _a[S.l.] :
_bCheckmark Books,
_c2005.
300 _a386 p. ;
_c28 cm.
650 0 _aCriminals
650 0 _aGangs
650 0 _aOrganized crime
650 0 _aTransnational crime
856 4 0 _3Amazon.com
_uhttp://www.amazon.com/exec/obidos/ASIN/0816048495/chopaconline-20
942 _2ddc
_cBK
999 _c15107
_d15107